00609cam a22001931 4500001001300000003000400013005001700017008004100034010001700075035001900092040001800111042001200129050001600141110006300157245009300220260006300313300002200376999001700398e 41000171 DLC20260227111230.0750829s1940 xx 000 0 eng  ae 41000171  a(OCoLC)1580627 aDLCcFMUdDLC apremarc00aSD143b.A582 aAmerican Council on Education.bAmerican Youth Commission.14aThe civilian conservation corps.bRecommendations of the American council on education. a[Washington, D.C.]bThe American youth commission,c[1940] a22 [2] p.c23 cm. c21818d21818